|
|
|
|
| LEADER |
00000nab a2200000 a 4500 |
| 001 |
vtls000117413 |
| 003 |
SK-MaSNL |
| 005 |
20260426052753.0 |
| 008 |
160215c1982 xo 0 slo |
| 015 |
|
|
|a SNBRB19rr/mm-uuuuu
|
| 035 |
|
|
|a CL0127518
|
| 040 |
|
|
|a SNKBUCL
|b slo
|c SNKBUCL
|e AACR2
|
| 041 |
0 |
|
|a slo
|
| 044 |
|
|
|a xo
|c SK
|
| 080 |
|
|
|a 82:929:885.4
|2 1981
|
| 080 |
|
|
|a 885.4
|2 1981
|
| 080 |
|
|
|a 929 Vadkerti-Gavorníková, Lýdia
|2 1981
|
| 245 |
0 |
0 |
|a Stretnutie s básňou
|
| 600 |
1 |
7 |
|a Vadkerti-Gavorníková, Lýdia,
|d 1932-1999
|2 snkbucl
|9 227227
|
| 655 |
|
7 |
|a články z novín a časopisov
|2 snkbucl
|9 267496
|
| 655 |
|
7 |
|a články z odboru literárna veda a krásna literatúra
|2 snkbucl
|9 770045
|
| 773 |
0 |
|
|t Slovenka
|g Roč. 34, č. 12 (1982), s. 22
|
| 850 |
|
|
|a Slovenská národná knižnica v Martine
|a MTA001
|
| 852 |
|
|
|a SNK
|b KIS3GCP
|
| 958 |
|
|
|a BX
|
| 958 |
|
|
|a RK
|
| 958 |
|
|
|a LX
|
| 992 |
|
|
|a RBX
|
| 999 |
|
|
|c 2076830
|d 2078760
|